Catalog

Record Details

Catalog Search



Daddy's little girl  Cover Image Book Book

Daddy's little girl / Mary Higgins Clark.

Summary:

Ellie Cavanaugh was only seven years old when her fifteen-year-old sister, Andrea, was murdered near their home in Oldham-on-the-Hudson, a rural village in New York's Westchester County. There were three suspects: Rob Westerfield, nineteen-year-old scion of a wealthy, prominent family, whom Andrea has been secretly dating Paul Stroebel, a sixteen-year-old schoolmate, who had a crush on Andrea and Will Nebels, a local handyman in his forties. It was Ellie who had led her parents to a hideout in which Andrea's body was found -- a secret hideaway in which she met her friends. And it was Ellie who was blamed by her parents for her sister's death for not telling them about this place the night Andrea was missing. It was also Ellie's testimony that led to the conviction of the man she was firmly convinced was the killer. Steadfastly denying his guilt, he spent the next twenty-two years in prison. When he comes up for parole, Ellie, now an investigative reporter for an Atlanta newspaper, protests his release. Nonetheless, the convicted killer is set free and returns to Oldham. Determined to thwart his attempts to whitewash his reputation, Ellie also returns to Oldham, intent on creating a Website and writing a book that will conclusively prove his guilt. As she delves deeper into her research, however, she uncovers horrifying and heretofore unknown facts that shed new light on her sister's murder. With each discovery, she comes closer to a confrontation with a desperate killer.

Record details

  • ISBN: 0743206045
  • ISBN: 9780743206044
  • ISBN: 0743449371
  • ISBN: 9780743449373
  • ISBN: 0743228774
  • ISBN: 9780743228770
  • Physical Description: 291 pages ; 24 cm.
  • Publisher: New York : Simon & Schuster, 2002.
Subject: Murder victims' families > Fiction.
Sisters > Death > Fiction.
Ex-convicts > Fiction.
Young women > Fiction.
Genre: Thrillers (Fiction)
Detective and mystery fiction.

Available copies

  • 1 of 1 copy available at scottsboropl.

Holds

  • 0 current holds with 1 total copy.
Show Only Available Copies
Location Call Number / Copy Notes Barcode Shelving Location Status Due Date
scottsboropl F Cla 32269001059982 Adult - Fiction Available -

LDR 03314cam a2200373 a 4500
001117297
003SBPL
00520220805183332.0
008020312s2002 nyu 000 1 eng
010 . ‡a 2002021112
020 . ‡a0743206045
020 . ‡a9780743206044
020 . ‡a0743449371
020 . ‡a9780743449373
020 . ‡a0743228774
020 . ‡a9780743228770
035 . ‡a(CONS)117297
035 . ‡a(CPomAG)LMN313724
05000. ‡aPS3553.L287 ‡bD33 2002
08200. ‡a813/.54 ‡221
1001 . ‡aClark, Mary Higgins.
24510. ‡aDaddy's little girl / ‡cMary Higgins Clark.
260 . ‡aNew York : ‡bSimon & Schuster, ‡c2002.
300 . ‡a291 pages ; ‡c24 cm.
336 . ‡atext ‡btxt ‡2rdacontent
337 . ‡aunmediated ‡bn ‡2rdamedia
338 . ‡avolume ‡bnc ‡2rdacarrier
520 . ‡aEllie Cavanaugh was only seven years old when her fifteen-year-old sister, Andrea, was murdered near their home in Oldham-on-the-Hudson, a rural village in New York's Westchester County. There were three suspects: Rob Westerfield, nineteen-year-old scion of a wealthy, prominent family, whom Andrea has been secretly dating Paul Stroebel, a sixteen-year-old schoolmate, who had a crush on Andrea and Will Nebels, a local handyman in his forties. It was Ellie who had led her parents to a hideout in which Andrea's body was found -- a secret hideaway in which she met her friends. And it was Ellie who was blamed by her parents for her sister's death for not telling them about this place the night Andrea was missing. It was also Ellie's testimony that led to the conviction of the man she was firmly convinced was the killer. Steadfastly denying his guilt, he spent the next twenty-two years in prison. When he comes up for parole, Ellie, now an investigative reporter for an Atlanta newspaper, protests his release. Nonetheless, the convicted killer is set free and returns to Oldham. Determined to thwart his attempts to whitewash his reputation, Ellie also returns to Oldham, intent on creating a Website and writing a book that will conclusively prove his guilt. As she delves deeper into her research, however, she uncovers horrifying and heretofore unknown facts that shed new light on her sister's murder. With each discovery, she comes closer to a confrontation with a desperate killer.
650 0. ‡aMurder victims' families ‡vFiction.
650 0. ‡aSisters ‡xDeath ‡vFiction.
650 0. ‡aEx-convicts ‡vFiction.
650 0. ‡aYoung women ‡vFiction.
655 7. ‡aThrillers (Fiction) ‡2lcgft
655 7. ‡aDetective and mystery fiction. ‡2lcgft
901 . ‡a117297 ‡bUnknown ‡c117297 ‡tbiblio

Additional Resources